000 01038nam a22002657a 4500
001 9674
003 FISKH
005 20260129090245.0
008 260129b cb ||||| |||| 00| 0 eng d
020 _a9787880892596
040 _aFISKH
_beng
_cFISKH
_dFISKH
050 _aPZ7
100 _aStrayer , Debbie
245 _aGail the snail :
_bSuccessful Reading for Beginners /
_cWritten by Debbie Strayer : Illustrations by Joy Majewski
260 _aMelrose , FL :
_bCommon Sense Press ,
_c1998 .
300 _a10 pages :
_billustrations ;
_c21 cm .
490 _aBridge Reader
_vBook 5
505 _aD
520 _aSuccessful Reading for Beginners: Gail the Snail is a beginner / early reader text aimed at emergent readers learning basic phonics and decoding skills (word count and structure suggest simple text) — similar to texts in early reading programs.
521 8 _a160
_bLexile estimate
521 8 _aD
_bRaz-Plus
700 _aMajewski , Joy
_eIllustration
942 _2ddc
_cBK
_n0
999 _c9674
_d9674